000 00763nam a2200241Ia 4500
003 OSt
005 20221005022544.0
006 a|||||r|||| 00| 0
007 ta
008 221004b |||||||| |||| 00| 0 eng d
020 _a8184290004 (hbk)
_c4800
024 _a90964
037 _b064, 14/12/2008, Standard Book House
_cTextual
040 _aCRL
_cCRL
_beng
041 _2eng
_aeng
082 _aX5, P6.1-.3
100 _aReddy M. Atchi
245 0 _aTrade and commerce of the English
_b East India Company in India (Madras)
260 _aAmbala
_bCantt. The Associated Publishers India
_c2006
650 _aECONOMICS
942 _hX5, P6.1-.3
_cTEXL
_2cc
999 _c929614
_d929614